University Home | Library Home | Institutional Repository

I.Q. in the meritocracy/ (Record no. 113955)

MARC details
000 -LEADER
fixed length control field 00435cam a2200145 4500
008 - FIXED-LENGTH DATA ELEMENTS--GENERAL INFORMATION
fixed length control field 100224n 000 0 eng u
035 ## - SYSTEM CONTROL NUMBER
System control number (Sirsi) a168490
050 ## - LIBRARY OF CONGRESS CALL NUMBER
Classification number BF 431 HER 1973
100 ## - MAIN ENTRY--PERSONAL NAME
Personal name Herrnstein, R.J.
245 ## - TITLE STATEMENT
Title I.Q. in the meritocracy/
Statement of responsibility, etc. by R.J. Herrnstein
260 ## - PUBLICATION, DISTRIBUTION, ETC.
Place of publication, distribution, etc. Toronto:
Name of publisher, distributor, etc. An Atlantic Monthly press book,
Date of publication, distribution, etc. 1971
300 ## - PHYSICAL DESCRIPTION
Extent 235p.
504 ## - BIBLIOGRAPHY, ETC. NOTE
Bibliography, etc. note Includes bibliographical references
650 ## - SUBJECT ADDED ENTRY--TOPICAL TERM
Topical term or geographic name entry element Meritocracy

No items available.

© 2026 - The University of Zambia Library - Koha v25.11